000 00537nam a22001937a 4500
003 OSt
005 20260305054217.0
008 260129b |||||||| |||| 00| 0 eng d
020 _a978-0-14-303969-3
040 _aDWCL-Main Lib
_cOC
082 _aRes. 899.211 R627n 2006
100 _aRizal, Jose
245 _aNoli me tangere(touch me not)
260 _aNew York:
_bPenguin Group,
_cc2006.
300 _axxix, 444p.:
_c20 cm.
650 _aTouch me not
700 _aAugenbraum, Harold
_eTranslator
942 _2ddc
_cBK-0 CIRC
_mRes.
_n0
999 _c7927
_d7927